Responses for show #1043 - Wednesday, March 1, 1989

Contestants

[<< previous game]

Elaine Golden, a law student from Newtonville, Massachusetts

Richard Sprow, a college English professor from Newcastle, Pennsylvania

Chris McKillop, a management consultant from Toronto, Canada (whose 1-day cash winnings total $12,801)

[next game >>]

Jeopardy! Round responses

FOREIGN CURRENCY
FLOWERS
HEALTH & NUTRITION
POTENT POTABLES
1850s HITS
"P.S."
    $100 3
pound

Elaine
    $100 23
begonia

Richard
    $100 17
water

Chris
    $100 2
heat it

Elaine
    $100 11
"I Dream of Jeanie"

Richard
    $100 12
pink slip

Richard
    $200 4
dollar

Richard
    $200 27
lily

Chris
    $200 18
massage

Chris
    $200 5
milk/cream

Chris
    $200 22
(Richard: What is a dog?)
(Alex: That would be a strange-looking chicken!)

chicken

Richard
Triple Stumper
    $200 13
public schools

Chris
    $300 1
rupee

Richard
    $300 28
baboon

Chris
    $300 19
sun protection factor

Elaine
    $300 7
liqueurs

Elaine
    $300 24
(Alex: We've got a minute to go.)

"The Wedding March"

Richard
    $300 14
Peggy Sue

Chris
    $400 6
sen

Richard
    $400 29
locoweed

Chris
    $400 20
(Elaine: What is vitamin C?)
(Richard: What is vitamin E?)

vitamin K

RichardElaine
Triple Stumper
    $400 9
Smirnoff

Chris
    $400 25
roll along

Richard
    $400 15
political science

Richard
    $500 8
(Elaine: What is Colombia?)
(Richard: What is Bolivia?)

Venezuela

ChrisRichardElaine
    $500 30
buttercup

Richard
    $500 21
monosodium glutamate

Elaine
    $500 10
grenadine

Elaine
    $500 26
"Santa Lucia"

Richard
    $500 16
(Elaine: Who is Paul...)

Paul Shaffer

ChrisElaine

Scores at the first commercial break (after clue 16):

Chris Richard Elaine
$2,100 $1,000 $0

Scores at the end of the Jeopardy! Round:

Chris Richard Elaine
$3,300 $2,200 $400

Double Jeopardy! Round responses

FAMOUS AMERICANS
DEFINITIONS
ISLANDS
BUSINESS & INDUSTRY
OPERA
HOORAY FOR HOLLYWOOD
    $200 4
Franklin Roosevelt

Chris
    $200 11
bonnet

Chris
    $200 3
the Aleutians

Richard
    $200 19
(Chris: What is 40 Mule Team Borax?)

20 Mule Team Borax

Chris
Triple Stumper
    $200 1
Aria

Chris
    $200 21
(Alex: We have a minute to go.)

stars (on the Hollywood Walk of Fame)

Chris
    $400 8
(Richard: Who was Horace Greeley?)

Wild Bill Hickok

RichardElaine
    $400 12
electrolysis

Richard
    $400 5
Bahrain

Chris
    $400 20
Saudi Arabia

Richard
    $400 17
Puccini

Elaine
    $400 25
Gene Autry

Chris
    $600 9
(Elaine: Who was George M. Cohan?)

Francis Scott Key

ChrisElaine
    $600 13
playing the piano (technique)

Elaine
    $600 2
Iceland

Elaine
    $600 22
digital audio tape

Chris
    $2,000 18
(Elaine: What is "Pagliacci?")
(Alex: And we'd like to thank Lightyear Entertainment for graciuosly supplying us with that piece of film.)

"Vesti la giubba"

Elaine
    $600 26
the first Academy Awards ceremony

Elaine
    $800 10
James Madison

Richard
    $800 15
jug/pitcher

Richard
    $3,000 6
(Alex: You live only 80 miles from there!)
(Chris: Can I redo the bet now?!)
(Alex: No, you can't!)

Niagara Falls

Chris
    $800 23
smoking

Chris
    $1000 14
John L. Lewis

Chris
    $1000 16
comb/groom your horse

Elaine
    $1000 7
Indonesia

Elaine
    $1000 24
cocoa beans

Chris
    $1000 27
[The end-of-round signal sounds.]

Paramount

Elaine

Scores at the end of the Double Jeopardy! Round:

Chris Richard Elaine
$11,700 $4,400 $3,400
(lock game)

[wagering suggestions for these scores]

Final Jeopardy! Round responses

LANDMARKS
(Elaine: It's been fun!)
ElaineWhat is the Statue of Liberty?
$3,399
RichardWhat is the Statue of Liberty?
$2,600
ChrisWhat is the Eiffel Tower
$2,850
Eiffel Tower

Final scores:

Chris Richard Elaine
$14,550 $1,800 $1
2-day champion: $27,351 2nd place: Whirlpool I-Level microwave range & Capri lighting system 3rd place: Classic Rose Donatello tea set

Game dynamics:

Coryat scores:

Chris Richard Elaine
$9,500 $4,400 $5,400
23 R
(including 1 DD),
1 W
16 R,
4 W
14 R
(including 1 DD),
5 W
(including 1 DD)

Combined Coryat: $19,300

The J! Archive is created by fans, for fans. The Jeopardy! game show and all elements thereof, including but not limited to copyright and trademark thereto, are the property of Jeopardy Productions, Inc. and are protected under law. This website is not affiliated with, sponsored by, or operated by Jeopardy Productions, Inc. Join the discussion at JBoard.tv.